La anexión de Centroamérica a México
Gespeichert in:
| 1. Verfasser: | |
|---|---|
| Format: | Buch |
| Sprache: | Spanisch |
| Veröffentlicht: |
Ciudad de México
Secretaría de Relaciones Exteriores
1946
|
| Schriftenreihe: | Archivo Histórico Diplomático Mexicano. Segunda, 4
|
| Schlagworte: | |
| Tags: |
Tag hinzufügen
Keine Tags, Fügen Sie den ersten Tag hinzu!
|
MARC
| LEADER | 00000nam a2200000 a 4500 | ||
|---|---|---|---|
| 001 | UCO1003 | ||
| 003 | CL-VaPUC | ||
| 008 | 000505e19460000MX |||||||||||||||||spa|d | ||
| 082 | 0 | 4 | |a 972 |b VAL |2 21 |
| 100 | 0 | |a Valle, Rafael Heliodoro |e author |9 442724 | |
| 245 | 1 | 3 | |a La anexión de Centroamérica a México |
| 300 | |a v | ||
| 942 | |c BK | ||
| 945 | |d 20000505 00:00:00 |a crobeson | ||
| 260 | |a Ciudad de México |b Secretaría de Relaciones Exteriores |c 1946 | ||
| 650 | 7 | |a HISTORIA MEXICANA |2 CL-VaPUC |9 333909 | |
| 650 | 0 | |a Historia diplomática |9 314834 | |
| 650 | 0 | |a Relaciones Exteriores |9 255379 | |
| 651 | 0 | |a México |9 255269 | |
| 651 | 0 | |a América Central |9 255026 | |
| 583 | |a last modification |c 20000505 00:00:00 |k Rodrigo Vera | ||
| 490 | 0 | |a Archivo Histórico Diplomático Mexicano. Segunda, 4 | |
| 999 | |c 287638 |d 287636 | ||
| 952 | |0 0 |1 0 |4 0 |6 972_000000000000000_VAL_1946 |7 0 |8 X |9 334581 |a BIBHIS |b BIBHIS |d 2019-11-20 |h v.4 |i 1272624 |o 972 VAL 1946 |p 1272624 |r 2024-01-30 |w 2019-11-20 |y BK_X |k HIS | ||